MARC

LEADER 00000nam0a2200000 4500
001 271633
005 20231101234444.0
035 |a (RuTPU)RU\TPU\book\294834 
090 |a 271633 
100 |a 20141009d1986 k y0rusy50 ca 
101 0 |a rus 
102 |a BY 
105 |a a z 001zy 
200 1 |a Повышение эффективности освоения недр Белорусского экономического района  |e сборник научных трудов  |f Белорусский научно-исследовательский геологоразведочный институт ; под ред. А. В. Томашевича 
210 |a Минск  |c Изд-во БелНИГРИ  |d 1986 
215 |a 210 с.  |c ил. 
320 |a Библиография в конце статей 
606 1 |a Минерально-сырьевые ресурсы  |x Использование комплексное  |x Экономическая эффективность  |2 stltpush  |3 (RuTPU)RU\TPU\subj\44045  |9 63431 
610 1 |a недра 
610 1 |a недропользование 
610 1 |a освоение 
610 1 |a Белоруссия 
610 1 |a эффективное освоение 
610 1 |a углеводороды 
610 1 |a нефтегазоносность 
610 1 |a продуктивные скважины 
610 1 |a минерально-сырьевые ресурсы 
610 1 |a сапропелевые отложения 
610 1 |a песчано-гравийные месторождения 
675 |a 622.3  |v 4 
702 1 |a Томашевич  |b А. В.  |4 340 
712 0 2 |a Белорусский научно-исследовательский геологоразведочный институт  |2 stltpush  |3 (RuTPU)RU\TPU\col\7965  |9 24442 
801 1 |a RU  |b 63413507  |c 20141009 
801 2 |a RU  |b 63413507  |c 20170314  |g RCR 
942 |c BK